Nom de famille des personnages des films Star Wars - Statistiques

Statistiques générales
  • Ce quiz a été pris 1 660 fois
  • Le résultat moyen est 11 sur 17
Statistiques - réponses
Hint Réponse % Correct
Luke Skywalker
99%
Han Solo
99%
Obi-wan Kenobi
98%
Boba Fett
94%
Padmé Amidala
92%
Jar Jar Binks
91%
Leia Organa
90%
Mace Windu
87%
Qui-gon Jinn
77%
Lando Calrissian
72%
Owen Lars
54%
Plo Koon
49%
Nutt Gunray
37%
Wedge Antilles
33%
Mon Mothma
32%
Lama Su
22%
Biggs Darklighter
16%
Aucun quiz correspondant
Distribution des résultats
% des personnes avec chaque résultat
Percentile par nombre de réponses
Votre historique - résultats
Vous n’avez pas pris ce quiz